The histoire du trade unionisme / (Record no. 167872)

MARC details
000 -LEADER
campo de control de longitud fija 00836nam a22002415i 4500
001 - NÚMERO DE CONTROL
campo de control 167872
003 - IDENTIFICADOR DE NÚMERO DE CONTROL
campo de control ES-MaACL
005 - FECHA Y HORA DE LA ÚLTIMA TRANSACCIÓN
campo de control 20230906213620.0
008 - DATOS DE LONGITUD FIJA--INFORMACIÓN GENERAL
campo de control de longitud fija 021122s1897 fr |||| | fre d
040 ## - FUENTE DE CATALOGACIÓN
Centro catalogador/agencia de origen CCPB | B
Lengua de catalogación spa
Centro/agencia transcriptor CCPB | B
100 1# - ENTRADA PRINCIPAL--NOMBRE DE PERSONA
Nombre de persona Webb, Sidney.
9 (RLIN) 116243
245 14 - MENCIÓN DEL TÍTULO
Título The histoire du trade unionisme /
Mención de responsabilidad, etc. par Sidney and Beatrice Webb ; traduit par Albert Métin.
260 ## - PUBLICACIÓN, DISTRIBUCIÓN, ETC.
Lugar de publicación, distribución, etc. Paris :
Nombre del editor, distribuidor, etc. V. Giard & E. Brière, libraires-éditeurs,
Fecha de publicación, distribución, etc. 1897.
300 ## - DESCRIPCIÓN FÍSICA
Extensión IV, 613 p. ;
Dimensiones 22 cm.
490 1# - MENCIÓN DE SERIE
Mención de serie Bibliothèque socialiste internationale ;
Designación de volumen o secuencia 1
650 04 - PUNTO DE ACCESO ADICIONAL DE MATERIA--TÉRMINO DE MATERIA
Término de materia o nombre geográfico como elemento de entrada Sindicatos.
9 (RLIN) 17116
700 0# - ENTRADA AGREGADA--NOMBRE PERSONAL
Nombre de persona Webb, Beatrice.
9 (RLIN) 116235
700 0# - ENTRADA AGREGADA--NOMBRE PERSONAL
Nombre de persona Métin, Albert.
9 (RLIN) 80729
830 0# - PUNTO DE ACCESO ADICIONAL DE SERIE-TÍTULO UNIFORME
Título uniforme Bibliothèque socialiste internationale ;
Designación de volumen o secuencia 1
9 (RLIN) 188193
852 ## - LOCALIZACIÓN
Ubicación ES-MaACL
Número de control de estantería F-9930
Nota libre -- Enc. hol.
Holdings
Estatus retirado Estado de pérdida Estado de daño No para préstamo Colección Biblioteca de origen Biblioteca actual Ubicación en estantería Fecha de adquisición Fuente de adquisición Total de préstamos Signatura topográfica completa Código de barras Visto por última vez Precio de reemplazo Tipo de ítem Koha
        Libros del s. XIX Biblioteca del Ateneo de Madrid Biblioteca del Ateneo de Madrid Sala Pecera Planta 2 17/01/2008     F-9930 1176117 23/02/2023 23/02/2023 Libro impreso antiguo